00696nam a2200133Ia 4500008004100000020001800041245007000059260002200129650026000151650001400411856004500425999001900470952007300489171212s9999 xx 000 0 und d a9781921934179 ceditor Lal, Brij V.;Ley, AllisonaThe CoombsbA House of Memories bANU E Pressc2014 aAustralian National University. Research School of Pacific and asian Studies -- History; Australian National University. Research School of Pacific and Asian Studies -- Alumni and alumnae; Coombs Building (Canberra, A.C.T.); Universities and colleges -- A aEducation uhttp://www.jstor.org/stable/j.ctt13wwvxv c351351d351351 001040aCLbCLd2017-12-12l0r2017-12-12 00:00:00w2017-12-12yCBE